00664nam a2200157Ia 4500008004100000020001800041082001800059100002500077245013200102260002700234300001100261500003800272650008700310952009200397999001700489120622s9999 xx 000 0 und d a0-07-026768-5 a658.562 H311b aHarrington, H. James aBusiness process improvement : the breakthrough strategy for total quality, productivity and competitiveness / H. J. Harrington aNew York : McGraw-Hill a274 p. aIncluye bibliografía e índice a1. CONTROL DE CALIDAD \ 2. ADMINISTRACION DE LA PRODUCCION - CONTROL DE CALIDADÌ 00104070a22b22d2007-01-25l0o658.562 H311Bp01 008191r2012-06-24w2012-06-24yLB c56828d56828